Wocket in My ??? Quiz Stats

Quiz Updated Sep 16, 2017

Challenge
Share
Tweet
Embed
Score 0/32 Timer 02:00
2 Plays Today
Creature Location % Correct
Bellarin the cellar
97.1%
Dellarin the cellar
97.1%
Gellarin the cellar
97.1%
Nellarin the cellar
97.1%
Tellarin the cellar
97.1%
Wellarin the cellar
97.1%
Zellarin the cellar
97.1%
Findowin the window
94.4%
Wasketin the basket
93.8%
Bofaon the sofa
93.7%
Zillowon the pillow
93.4%
Ninkin the sink
92.9%
Nupboardsin the cupboards
92%
Zableon the table
91.9%
Nooth Grushon the toothbrush
91.9%
Quimneyup the chimney
91.8%
Creature Location % Correct
Ghairunder the chair
91.8%
Zelfon the shelf
91.3%
Yottlein the bottle
90.8%
Zampin the lamp
90.7%
Jertainin the curtain
90.2%
Zlockbehind the clock
89.5%
Wocketin the pocket
89%
Nookgasein the bookcase
87.2%
Wosetin the closet
86.6%
Geelingon the ceiling
86%
Vugunder the rug
85.6%
Zowerin the shower
81.4%
Nureauin the bureau
80.1%
Zalldown the hall
75.8%
Yepson the steps
65.3%
Yotin the pot
58.4%

You're not logged in!

Compare scores with friends on all Sporcle quizzes.
Sign Up with Email
OR
Log In

You Might Also Like...

Show Comments

Extras

Top Quizzes Today


Score Distribution

Your Account Isn't Verified!

In order to create a playlist on Sporcle, you need to verify the email address you used during registration. Go to your Sporcle Settings to finish the process.